Harry Potter Name Game: every character - Statistics

General Stats
  • This quiz has been taken 1,224 times
  • The average score is 130 of 273
Answer Stats
Answer % Correct
Harry Potter
99%
Ronald Weasley
97%
Hermione Granger
95%
Fred Weasley
90%
George Weasley
90%
Albus Dumbledore
88%
Ginny Weasley
88%
Molly Weasley
88%
Bill Weasley
85%
James Potter
85%
Severus Snape
85%
Charlie Weasley
84%
Lily Potter
84%
Sirius Black
84%
Draco Malfoy
83%
Percy Weasley
83%
Rubeus Hagrid
82%
Luna Lovegood
81%
Arthur Weasley
80%
Neville Longbottom
80%
Lucius Malfoy
79%
Remus Lupin
79%
Minerva McGonagall
78%
Bellatrix Lestrange
77%
Dobby
76%
Narcissa Malfoy
76%
Peter Pettigrew
76%
Lord Voldemort
75%
Alastor Moody
74%
Cho Chang
74%
Dolores Umbridge
73%
Dudley Dursley
73%
Gregory Goyle
73%
Cedric Diggory
72%
Petunia Dursley
72%
Tom
72%
Vincent Crabbe
72%
Filius Flitwick
71%
Hedwig
71%
Nymphadora Tonks
71%
Vernon Dursley
71%
Fleur Delacour
70%
Dean Thomas
69%
Gilderoy Lockhart
68%
Seamus Finnigan
68%
Bartemius Crouch Jr
67%
Bartemius Crouch Sr
67%
Viktor Krum
67%
Pomona Sprout
66%
Horace Slughorn
65%
Kreacher
65%
Lavender Brown
64%
Padma Patil
64%
Quirinus Quirrell
64%
Argus Filch
63%
Katie Bell
63%
Parvati Patil
63%
Regulus Arcturus Black
63%
Aberforth Dumbledore
62%
Crookshanks
62%
Helga Hufflepuff
62%
Sybill Trelawney
62%
Cornelius Fudge
61%
Crabbe Sr
61%
Goyle Sr
61%
Nicholas de Mimsy-Porpington
61%
Oliver Wood
61%
Pansy Parkinson
61%
Salazar Slytherin
61%
Winky
61%
Godric Gryffindor
60%
Rowena Ravenclaw
60%
Xenophilius Lovegood
60%
Alice Longbottom
59%
Ariana Dumbledore
59%
Frank Longbottom
59%
Marjorie Dursley
59%
Buckbeak
58%
Helena Ravenclaw
58%
Nagini
58%
Peeves
58%
Thomas Riddle
58%
Colin Creevey
57%
Igor Karkaroff
57%
Ted Tonks
57%
Amos Diggory
56%
Angelina Johnson
56%
Blaise Zabini
56%
Bloody Baron
56%
Olympe Maxime
56%
Bathilda Bagshot
55%
Albus Severus Potter
54%
Aragog
54%
Fang
54%
Firenze
54%
Gabrielle Delacour
54%
Kingsley Shacklebolt
54%
Poppy Pomfrey
54%
Susan Bones
54%
Teddy Lupin
54%
Andromeda Tonks
53%
Fluffy
53%
Moaning Myrtle
53%
Rita Skeeter
53%
Garrick Ollivander
52%
Hannah Abbott
52%
Pigwidgeon
52%
Rolanda Hooch
52%
Rose Weasley
52%
Errol
51%
Fat Lady
51%
James Sirius Potter
51%
Marvolo Gaunt
51%
Merope Gaunt
51%
Alecto Carrow
50%
Amycus Carrow
50%
Augusta Longbottom
50%
Dennis Creevey
50%
Fenrir Greyback
50%
Lee Jordan
50%
Lily Luna Potter
50%
Ludovic Bagman
50%
Fat Friar
49%
Gellert Grindelwald
49%
Griphook
49%
Hugo Weasley
49%
Mrs Norris
49%
Rodolphus Lestrange
49%
Alicia Spinnet
48%
Cormac McLaggen
48%
Ernie Macmillan
48%
Kendra Dumbledore
48%
Norbert
48%
Rufus Scrimgeour
48%
Arabella Figg
47%
Cuthbert Binns
47%
Mundungus Fletcher
47%
Percival Dumbledore
47%
Yaxley
47%
Marcus Flint
46%
Morfin Gaunt
46%
Antonin Dolohov
45%
Grawp
45%
Justin Finch-Fletchley
45%
Trevor
45%
Amelia Bones
44%
Fawkes
44%
Scorpius Malfoy
44%
Wilhelmina Grubbly-Plank
44%
Charity Burbage
43%
Hermes
43%
Zacharias Smith
43%
Bane
42%
Elphias Doge
42%
Frank Bryce
42%
Millicent Bulstrode
42%
Penelope Clearwater
42%
Romilda Vane
42%
Stan Shunpike
42%
Aurora Sinistra
41%
Rabastan Lestrange
41%
Reginald Cattermole
41%
Michael Corner
40%
Victoire Weasley
40%
Walburga Black
40%
Dedalus Diggle
39%
Hokey
39%
Irma Pince
39%
Mafalda Hopkirk
39%
Mary Cattermole
39%
Phineas Nigellus Black
39%
Pius Thicknesse
39%
Terry Boot
39%
Marietta Edgecombe
38%
Nicolas Flamel
38%
Septima Vector
38%
Theodore Nott
38%
Hepzibah Smith
37%
Muriel Weasley
37%
Ignotus Peverell
36%
Madam Rosmerta
36%
Sir Cadogan
36%
Walden Macnair
36%
Augustus Rookwood
35%
Bertha Jorkins
35%
Evan Rosier
35%
Fabian Prewett
35%
Gideon Prewett
35%
Mykew Gregorovitch
35%
Newt Scamander
35%
Orion Black
35%
Albert Runcorn
34%
Anthony Goldstein
34%
Bob Ogden
34%
Cadmus Peverell
34%
Piers Polkiss
34%
Ronan
34%
Armando Dippet
33%
Arnold
33%
Hestia Jones
33%
Louis Weasley
33%
Madam Malkin
33%
Marcus Belby
33%
Nott Sr
33%
Roger Davies
33%
Antioch Peverell
32%
Avery
32%
Dirk Cresswell
32%
Emmeline Vance
32%
Roxanne Weasley
32%
Bogrod
31%
Borgin
31%
Dominique Weasley
31%
Eileen Prince
31%
Magorian
31%
Marlene McKinnon
31%
Thorfinn Rowle
31%
Adrian Pucey
30%
Silvanus Kettleburn
30%
Sturgis Podmore
30%
Ernie Prang
29%
Jimmy Peakes
29%
Scabior
29%
Thomas Riddle Sr
29%
Travers
29%
Broderick Bode
28%
Graham Montague
28%
John Dawlish
28%
Bathsheda Babbling
27%
Demelza Robins
27%
Fred Weasley II
27%
Florean Fortescue
26%
Ripper
26%
Wilkie Twycross
26%
Aidan Lynch
25%
Jack Sloper
25%
Ritchie Coote
25%
Troy
25%
Edgar Bones
24%
Mary Riddle
24%
Mulciber
24%
Perenelle Flamel
24%
Selwyn
24%
Apolline Delacour
23%
Celestina Warbeck
23%
Eloise Midgen
23%
Fridwulfa
23%
Griselda Marchbanks
23%
Moran
23%
Andrew Kirke
22%
Beedle the Bard
22%
Benjy Fenwick
22%
Gwenog Jones
22%
Hassan Mostafa
22%
Caractacus Burke
21%
Dilys Derwent
21%
Dorcas Meadowes
21%
Mullet
21%
Euan Abercrombie
20%
Everard
20%
Patrick Delaney-Podmore
19%
Caradoc Dearborn
18%
Connolly
18%
Quigley
18%
Cassandra Trelawney
17%
Galatea Merrythought
16%
Madam Puddifoot
16%
Apollyon Pringle
15%
Barry Ryan
15%
Doris Crockford
15%
Miranda Goshawk
14%
Kennilworthy Whisp
8%
Vindictus Viridian
8%
No matching quizzes found
Score Distribution
Percent of People with Each Score
Percentile by Number Answered
Your Score History
You have not taken this quiz